LDR 00981nam a2200229 i 4500 001 000000073701 003 CaOOAMICUS 005 20260408113518.0 008 110511s1833 it u000 u ita u 013 $a44873 040 $aSeMil$bita 100 1 $aTommaseo, Niccolò,$d<1802-1874>.$0(OLS)http://semarc/name/454 245 10$aNuovo dizionario de' sinonimi della lingua italiana /$cdi Niccolò Tommaseo. 250 $a2. Ed. con correzioni ed aggiunte dell'autore. 260 $aMilano :$bGiuseppe Crespi e C.,$c1833. 300 $aXVIII, 680 p. ;$c23 cm. 650 4$aLingua italiana - Sinonimi - Opere anteriori al 1900.$0(OLS)http://semarc/subject/15505 850 $aSeMil 852 $aSeMil$W1$xVenegono$y1$m1A I 51 FA$j39853$B39853$CSeMilBibl$Z2$F39857 $8I 996 $6245$aNuovo dizionario de' sinonimi della lingua italiana$9(OLS)http://semarc/title/118996 996 $6260$aMilano :$bGiuseppe Crespi e C.$9(OLS)http://semarc/publisher/43133